000 00455nam a2200181Ia 4500
001 43193
008 140425s9999 xx 000 0 und d
020 _aNA
040 _cPK-LaUMT
082 _aRHC 891.4394
_bABU-D
100 _aAbu ul Imtiaz
245 _aDareecha nighah (Urdu)
_cAbu ul Imtiaz
260 _aLahore,Pakistan:
_bAl-Qamar Enterprises,
_c2002
300 _a191 p.
546 _aUR
650 _aPakistani literature-Urdu
942 _cBK
999 _c41203
_d41203